Loreto College Library, Kolkata
WEBOPAC (ONLINE PUBLIC ACCESS CATALOGUE)

How to Write Reports, (Record no. 6324)

MARC details
000 -LEADER
fixed length control field 00575nam a2200205Ia 4500
005 - DATE AND TIME OF LATEST TRANSACTION
control field 20231211105918.0
008 - FIXED-LENGTH DATA ELEMENTS--GENERAL INFORMATION
fixed length control field 131103s9999 xx 000 0 und d
020 ## - ISBN | অাই এস বি এন
ISBN | অাই এস বি এন 8172230435
PRICE Rs.30
040 ## - CATALOGING SOURCE
Original cataloging agency Loreto College
041 ## - LANGUAGE CODE
Language code English
082 ## - DDC | ডিউই
Classification number | বর্গসংখ্যা 425
Book Number | গ্রন্থাঙ্ক MIT
100 ## - MAIN ENTRY--PERSONAL NAME | মুখ্য সংলেখ - ব্যাক্তিনাম
Personal name | ব্যাক্তিনাম Mitchell,John
245 ## - TITLE STATEMENT | অাখ্যা বিবরণী
Title | অাখ্যা How to Write Reports,
Statement of responsibility | লেখকের দায়িত্বের বিবরণ John Mitchell
260 ## - IMPRINT | প্রকাশনা ক্ষেত্র
Place of publication | প্রকাশ স্থান New Delhi
Name of publisher | প্রকাশকের নাম An imprint of Harper Collins Publisher India Pvt. Ltd.
Date of publication | প্রকাশ কাল 1974
300 ## - PHYSICAL DESCRIPTION |
Page / Vol. No | পৃষ্ঠা / খন্ড সংখ্যা 157 p.
504 ## - BIBLIOGRAPHY, ETC. NOTE
Bibliography, etc Includes index
650 ## - SUBJECT ADDED ENTRY--TOPICAL TERM | বিষয় শিরোনাম - মূল বিষয়
Topical term | মূল বিষয় Report writing - Communicative English
850 ## - HOLDING INSTITUTION
Holding institution LCLIB
942 ## - ADDED ENTRY ELEMENTS (KOHA)
Koha item type Books
Holdings
Withdrawn status Lost status Source of classification Damaged status Not for loan Home library Current library Date acquired Total Checkouts Full call number Accession No. Date last seen Price effective from Koha item type Coded location qualifier
    Dewey Decimal Classification     Loreto College Loreto College 04/11/2013   425 MIT 38236 B20644 04/11/2013 04/11/2013 Books  
          Loreto College Loreto College 04/11/2013   425/MIT LCLIB/38236 B6193 04/11/2013 04/11/2013 Books